<?xml version="1.0" encoding="UTF-8"?>
<marc:record xmlns:marc="http://www.loc.gov/MARC21/slim">
   <marc:leader>00000nam a2200000 a 4500</marc:leader>
   <marc:datafield ind1="1" ind2=" " tag="100">
      <marc:subfield code="a">Sandberg, Sheryl</marc:subfield>
      <marc:subfield code="4">aut</marc:subfield>
      <marc:subfield code="e">Verfasser/-in</marc:subfield>
   </marc:datafield>
   <marc:datafield ind1="1" ind2=" " tag="100">
      <marc:subfield code="a">Scovell, Nell</marc:subfield>
      <marc:subfield code="4">ctb</marc:subfield>
      <marc:subfield code="e">Mitwirkende/-r</marc:subfield>
   </marc:datafield>
   <marc:datafield ind1="1" ind2=" " tag="100">
      <marc:subfield code="a">Kunz, Barbara</marc:subfield>
      <marc:subfield code="4">trl</marc:subfield>
      <marc:subfield code="e">Übersetzer/-in</marc:subfield>
   </marc:datafield>
   <marc:datafield ind1="1" ind2=" " tag="100">
      <marc:subfield code="a">Sandberg, Sheryl</marc:subfield>
   </marc:datafield>
   <marc:datafield ind1=" " ind2=" " tag="653">
      <marc:subfield code="a">Weibliche Führungskraft</marc:subfield>
   </marc:datafield>
   <marc:datafield ind1=" " ind2=" " tag="653">
      <marc:subfield code="a">Karriere</marc:subfield>
   </marc:datafield>
   <marc:datafield ind1=" " ind2=" " tag="653">
      <marc:subfield code="a">Führungserfolg</marc:subfield>
   </marc:datafield>
   <marc:datafield ind1=" " ind2=" " tag="653">
      <marc:subfield code="a">Facebook</marc:subfield>
   </marc:datafield>
   <marc:datafield ind1=" " ind2=" " tag="653">
      <marc:subfield code="a">Frauen</marc:subfield>
   </marc:datafield>
   <marc:datafield ind1=" " ind2=" " tag="653">
      <marc:subfield code="a">Gesellschaftskritik</marc:subfield>
   </marc:datafield>
   <marc:datafield ind1=" " ind2=" " tag="653">
      <marc:subfield code="a">9</marc:subfield>
   </marc:datafield>
   <marc:datafield ind1="0" ind2="0" tag="245">
      <marc:subfield code="a">Lean In</marc:subfield>
   </marc:datafield>
   <marc:datafield ind1="0" ind2="0" tag="245">
      <marc:subfield code="b">Frauen und der Wille zum Erfolg</marc:subfield>
   </marc:datafield>
   <marc:datafield ind1="0" ind2="0" tag="245">
      <marc:subfield code="c">Sheryl Sandberg mit Nell Scovell. Aus dem Amerikan. von Barbara Kunz</marc:subfield>
   </marc:datafield>
   <marc:datafield ind1=" " ind2="1" tag="264">
      <marc:subfield code="a">Berlin</marc:subfield>
      <marc:subfield code="b">Ullstein</marc:subfield>
      <marc:subfield code="c">2015</marc:subfield>
   </marc:datafield>
   <marc:datafield ind1=" " ind2=" " tag="250">
      <marc:subfield code="a">Ungekürzte Ausg., 1. Aufl.</marc:subfield>
   </marc:datafield>
   <marc:datafield ind1="1" ind2=" " tag="520">
      <marc:subfield code="a">Angaben aus der Verlagsmeldung

Lean In : Frauen und der Wille zum Erfolg / von Sheryl Sandberg

In Deutschland sitzen in den Vorständen der 100 umsatzstärksten Firmen gerade einmal drei Prozent Frauen. International sieht es nicht viel besser aus. Sheryl Sandberg ist COO von Facebook und gehörte davor zur Führungsmannschaft bei Google. Zusammen mit ihrem Mann Dave erzieht sie zwei kleine Kinder. Sie ist eine der wenigen sichtbaren Top-Managerinnen weltweit und ein Vorbild für Frauen aller Generationen. In ihrem Buch widmet sie sich ihrem Herzensthema: Wie können mehr Frauen in anspruchsvollen Jobs an die Spitze gelangen? Sie beschreibt äußere und innere Barrieren, die Frauen den Aufstieg verwehren. Sandberg zeigt, wie jede Frau ihre Ziele erreichen kann.
In Deutschland sitzen in den Vorständen der 100 umsatzstärksten Firmen gerade einmal drei Prozent Frauen. International sieht es nicht viel besser aus. Sheryl Sandberg ist COO von Facebook und gehörte davor zur Führungsmannschaft bei Google. Zusammen mit ihrem Mann Dave erzieht sie zwei kleine Kinder. Sie ist eine der wenigen sichtbaren Top-Managerinnen weltweit und ein Vorbild für Frauen aller Generationen. In ihrem Buch widmet sie sich ihrem Herzensthema: Wie können mehr Frauen in anspruchsvollen Jobs an die Spitze gelangen? Sie beschreibt äußere und innere Barrieren, die Frauen den Aufstieg verwehren. Sandberg zeigt, wie jede Frau ihre Ziele erreichen kann.
</marc:subfield>
   </marc:datafield>
   <marc:datafield ind1=" " ind2=" " tag="020">
      <marc:subfield code="a">9783548375496</marc:subfield>
      <marc:subfield code="9">9783548375496</marc:subfield>
   </marc:datafield>
   <marc:datafield ind1=" " ind2=" " tag="020">
      <marc:subfield code="a">3548375499</marc:subfield>
      <marc:subfield code="9">3548375499</marc:subfield>
   </marc:datafield>
   <marc:datafield ind1=" " ind2=" " tag="041">
      <marc:subfield code="a">ger</marc:subfield>
   </marc:datafield>
   <marc:datafield ind1=" " ind2=" " tag="300">
      <marc:subfield code="a">311 S.</marc:subfield>
   </marc:datafield>
</marc:record>
